Projektovanie ekonomických aplikácií Informačné systémy

Saved in:
Bibliographic Details
Main Author: Baláži, Štefan
Corporate Author: Vysoká škola ekonomická v Bratislave. Fakulta riadenia
Other Authors: Jakeš, Ján
Format: Book
Language:Slovak
Published: Bratislava Vysoká škola ekonomická 1987
Edition:1. vyd.
Tags: Add Tag
No Tags, Be the first to tag this record!

MARC

LEADER 00000nam a2200000 4500
001 c023694
005 20221219095045.8
041 0 |a slo 
044 |a SK 
245 1 0 |a Projektovanie ekonomických aplikácií  |b Informačné systémy  |c Štefan Baláži, Ján Jakeš 
250 |a 1. vyd. 
264 1 |a Bratislava  |b Vysoká škola ekonomická  |c 1987 
300 |a 254 s. 
100 1 |a Baláži, Štefan 
700 1 |a Jakeš, Ján 
710 2 |a Vysoká škola ekonomická v Bratislave. Fakulta riadenia